Search the Library Catalogue
| 000 -LEADER | |
|---|---|
| fixed length control field | 00501nam a2200181Ia 4500 |
| 008 - FIXED-LENGTH DATA ELEMENTS--GENERAL INFORMATION | |
| fixed length control field | 191130s2006##################000#0#eng## |
| 020 ## - INTERNATIONAL STANDARD BOOK NUMBER | |
| ISBN | 9788125028970 |
| 082 ## - DEWEY DECIMAL CLASSIFICATION NUMBER | |
| Classification number | 428.24 RAO |
| 100 ## - MAIN ENTRY--AUTHOR NAME | |
| Personal name | Rama Krishna Rao, A |
| 245 ## - TITLE STATEMENT | |
| Title | Learning English: a communicative approach |
| Statement of responsibility, etc | A Rama Krishna Rao |
| 260 ## - PUBLICATION, DISTRIBUTION, ETC. (IMPRINT) | |
| Place of publication | Bangalore |
| Name of publisher | Orient |
| Year of publication | 2006 |
| 300 ## - PHYSICAL DESCRIPTION | |
| Number of Pages | 136p.:ill |
| 650 ## - SUBJECT ADDED ENTRY--TOPICAL TERM | |
| Topical Term | English language |
| 991 ## - | |
| -- | 427203 |
| Withdrawn status | Lost status | Damaged status | Not for loan | Home library | Current library | Date acquired | Full call number | Accession Number | Price effective from | Koha item type |
|---|---|---|---|---|---|---|---|---|---|---|
| Anna Centenary Library | Anna Centenary Library | 13.10.2020 | 428.24 RAO | 450495 | 13.10.2020 | English Books |